[Event "Russian Championship G13 1st league 2016"]
[Site "Loo"]
[Date "2016.04.21"]
[Round "2.9"]
[White "Tumashevich, Elizaveta"]
[Black "Garafutdinova, Diana"]
[Result "1/2-1/2"]
[WhiteElo "1305"]
[BlackElo "1530"]
[PlyCount "84"]
[EventDate "2016.04.20"]

1. d4 Nf6 2. c4 g6 3. Nf3 Bg7 4. Bf4 d6 5. h3 Nbd7 6. e3 c5 7. Nc3 O-O 8. d5
Qa5 9. Qc2 Nh5 10. Bh2 a6 11. Bd3 b5 12. cxb5 axb5 13. O-O c4 14. Be2 Nc5 15.
a3 Nb3 16. Rad1 Bxc3 17. Qxc3 Qxc3 18. bxc3 Rxa3 19. Nd4 Nxd4 20. cxd4 Nf6 21.
Bf3 Bb7 22. Rb1 Ba6 23. e4 c3 24. e5 dxe5 25. dxe5 Nd7 26. Rfc1 b4 27. Rxb4 c2
28. Be4 Rc8 29. Bf4 Bd3 30. Bxd3 Rxd3 31. d6 exd6 32. exd6 Rc6 33. Rb2 Rd1+ 34.
Kh2 Rxc1 35. Bxc1 Ne5 36. Rb5 Nd7 37. Rd5 Rc5 38. Rd2 Kf8 39. Re2 Re5 40. Rxc2
Rc5 41. Bh6+ Kg8 42. Re2 Re5 1/2-1/2

[Event "Russian Championship G13 1st league 2016"]
[Site "Loo"]
[Date "2016.04.21"]
[Round "2.10"]
[White "Andreeva, Anastasiia"]
[Black "Lukianchenko, Alisa"]
[Result "1/2-1/2"]
[WhiteElo "1513"]
[BlackElo "1349"]
[PlyCount "51"]
[EventDate "2016.04.20"]

1. c4 e6 2. Nc3 d5 3. cxd5 exd5 4. d4 c6 5. Bf4 Qb6 6. Qd2 Nf6 7. Nf3 Ne4 8.
Qc2 Bf5 9. e3 Ng3 10. Bd3 Bxd3 11. Qxd3 Nxh1 12. Qf5 Qxb2 13. Qc8+ Ke7 14. Qc7+
Nd7 15. Nd1 Qxa1 16. Ne5 Kf6 17. Qxd7 Bb4+ 18. Ke2 Qxa2+ 19. Kf3 Rhf8 20. Ng4+
Kg6 21. Ne5+ Kf6 22. Ng4+ Kg6 23. Ne5+ Kf6 24. Ng4+ Kg6 25. Ne5+ Kf6 26. Ng4+
1/2-1/2

[Event "Russian Championship G13 1st league 2016"]
[Site "Loo"]
[Date "2016.04.21"]
[Round "2.11"]
[White "Semenova, Dariya"]
[Black "Silchenko, Karina"]
[Result "1-0"]
[WhiteElo "1511"]
[BlackElo "1310"]
[PlyCount "113"]
[EventDate "2016.04.20"]

1. e4 e5 2. Nf3 Nc6 3. Bb5 Nge7 4. c3 g6 5. d4 exd4 6. cxd4 d5 7. e5 Bg7 8. h3
O-O 9. O-O Bd7 10. Nc3 a6 11. Ba4 Rc8 12. Bg5 f6 13. exf6 Bxf6 14. Bxf6 Rxf6
15. Bb3 Be6 16. Ng5 Na5 17. Nce4 Nxb3 18. Nxf6+ Kh8 19. Nxe6 Qd6 20. Qxb3 Qxe6
21. Ng4 b6 22. Rae1 Qf7 23. Qe3 Re8 24. Qe5+ Qg7 25. Nf6 Rf8 26. Qxe7 Qxf6 27.
Qxf6+ Rxf6 28. Re5 Rd6 29. Rc1 c6 30. Rce1 c5 31. dxc5 bxc5 32. Re6 Rd7 33. Rc1
c4 34. Rxa6 d4 35. Rxc4 d3 36. Rc1 d2 37. Rd1 Kg7 38. Rc6 Ra7 39. a3 Re7 40.
Rxd2 Re1+ 41. Kh2 Re7 42. b4 Ra7 43. Ra2 Kh6 44. a4 Rb7 45. a5 Rxb4 46. a6 Rb8
47. a7 Ra8 48. Rb6 Rxa7 49. Rxa7 Kg5 50. Rxh7 Kf4 51. Rxg6 Ke5 52. Rf7 Kd5 53.
Re7 Kc5 54. Rd7 Kb5 55. Rc7 Ka5 56. Rb7 Ka4 57. Ra6# 1-0

[Event "Russian Championship G13 1st league 2016"]
[Site "Loo"]
[Date "2016.04.21"]
[Round "2.12"]
[White "Abramova, Maria"]
[Black "Taranenko, Polina"]
[Result "1/2-1/2"]
[WhiteElo "1507"]
[BlackElo "1226"]
[PlyCount "83"]
[EventDate "2016.04.20"]

1. d4 d5 2. Bf4 Nc6 3. Nf3 Bf5 4. e3 e6 5. c3 a6 6. Bd3 Bg6 7. Qc2 Qd7 8. Nbd2
Nf6 9. Ne5 Nxe5 10. Bxe5 Bd6 11. Nf3 Bxd3 12. Qxd3 Ne4 13. O-O O-O 14. Bg3 Nxg3
15. hxg3 h6 16. Kh2 Rae8 17. Rad1 c6 18. Rh1 e5 19. dxe5 Bxe5 20. Kg1 Qe6 21.
Nxe5 Qxe5 22. b3 Qe4 23. Qxe4 Rxe4 24. Kf1 Rd8 25. c4 d4 26. exd4 Rexd4 27.
Rxd4 Rxd4 28. Ke2 Kf8 29. Rd1 Rxd1 30. Kxd1 Ke7 31. Kd2 Kd6 32. Kc3 Ke5 33. b4
Ke4 34. a4 g5 35. a5 f5 36. c5 Kd5 37. Kd3 h5 38. f3 f4 39. gxf4 gxf4 40. Kc3
Ke5 41. Kd3 Kd5 42. Kc3 1/2-1/2

[Event "Russian Championship G13 1st league 2016"]
[Site "Loo"]
[Date "2016.04.21"]
[Round "2.13"]
[White "Tolstykh, Arina"]
[Black "Batarova, Alina"]
[Result "1-0"]
[WhiteElo "1254"]
[BlackElo "1503"]
[PlyCount "101"]
[EventDate "2016.04.20"]

1. d4 d5 2. c4 Nc6 3. Nc3 Nf6 4. Bg5 e6 5. e3 Bb4 6. cxd5 exd5 7. Bd3 Be6 8.
Nge2 h6 9. Bh4 Qe7 10. O-O O-O-O 11. a3 Ba5 12. b4 Bb6 13. Na4 g5 14. Nxb6+
cxb6 15. Bg3 Nh5 16. Rc1 Nxg3 17. Nxg3 Kb8 18. Bb5 Rc8 19. Qa4 Qd6 20. Rc2 a6
21. Bxc6 Rxc6 22. Rfc1 Rhc8 23. h3 Rxc2 24. Rxc2 Rxc2 25. Qxc2 Qf8 26. Nh5 f5
27. Kh2 Bd7 28. Qb3 Qf7 29. Ng3 Be6 30. Qc2 f4 31. exf4 Qxf4 32. Qg6 Bxh3 33.
Qxh6 Bd7 34. Qxb6 Qxf2 35. Qd8+ Bc8 36. Qxd5 Qf4 37. Qe5+ Qxe5 38. dxe5 Kc7 39.
Ne4 g4 40. Kg3 Kc6 41. Nc3 Be6 42. Kf4 Kd7 43. Ne4 Ke7 44. Nc5 Bd5 45. g3 Bf3
46. Kf5 Ke8 47. Kf6 Bc6 48. e6 Kd8 49. Kf7 Be8+ 50. Kf8 b6 51. e7+ 1-0

[Event "Russian Championship G13 1st league 2016"]
[Site "Loo"]
[Date "2016.04.21"]
[Round "2.16"]
[White "Ganzhina, Maria"]
[Black "Safronova, Aleksandra"]
[Result "0-1"]
[WhiteElo "1356"]
[BlackElo "1686"]
[PlyCount "102"]
[EventDate "2016.04.20"]

1. e4 d6 2. Nc3 Nf6 3. d4 Nbd7 4. Nf3 e5 5. dxe5 dxe5 6. Bc4 Be7 7. O-O c6 8.
a4 a5 9. Qe2 O-O 10. Be3 Qc7 11. Rad1 h6 12. h3 Re8 13. Nh4 Nc5 14. Bxc5 Bxc5
15. Rd3 Qe7 16. Ng6 Qc7 17. Rg3 Kh7 18. Nh4 Qe7 19. Nf5 Bxf5 20. exf5 e4 21.
Kh1 Rad8 22. Nd1 Kg8 23. Ne3 Bd6 24. f4 exf3 25. Rgxf3 Qe5 26. g3 Bc5 27. Re1
Ne4 28. Kg2 Rd2 29. Ng4 Rxe2+ 30. Rxe2 Qd4 31. Bxf7+ Kxf7 32. Rfe3 Ng5 33. h4
Rxe3 34. Rxe3 Qd2+ 35. Kf1 Bxe3 36. Nxe3 Qxe3 37. hxg5 Qxg5 38. c3 Qxf5+ 39.
Ke2 Qc2+ 40. Ke3 Qxb2 41. g4 Qxc3+ 42. Kf4 Qb4+ 43. Kg3 c5 44. g5 c4 45. gxh6
gxh6 46. Kf3 c3 47. Ke3 c2 48. Kd3 c1=Q 49. Ke2 Qcc3 50. Kf1 Qbb2 51. Kg1 Qcc1#
0-1

[Event "Russian Championship G13 1st league 2016"]
[Site "Loo"]
[Date "2016.04.21"]
[Round "2.17"]
[White "Zhurova, Anna"]
[Black "Zarkova, Elizaveta"]
[Result "1/2-1/2"]
[WhiteElo "1595"]
[BlackElo "1372"]
[PlyCount "102"]
[EventDate "2016.04.20"]

1. e4 e5 2. Nf3 Nc6 3. Bb5 a6 4. Ba4 Nf6 5. d3 b5 6. Bb3 h6 7. O-O Bc5 8. h3 d6
9. c3 O-O 10. Re1 Re8 11. Nbd2 Bb6 12. Nf1 Be6 13. Bxe6 fxe6 14. Be3 Bxe3 15.
Nxe3 Kh8 16. Nc2 Rb8 17. a3 Qc8 18. d4 exd4 19. Ncxd4 Nxd4 20. Nxd4 e5 21. Nc6
Rb6 22. Nb4 Qb7 23. Nd5 Nxd5 24. Qxd5 Qxd5 25. exd5 Rbb8 26. Re4 Kg8 27. Rae1
Kf8 28. f3 Re7 29. Kf2 Rf7 30. Kg3 Re8 31. Kg4 g6 32. f4 Rxf4+ 33. Rxf4+ exf4
34. Rxe8+ Kxe8 35. Kxf4 Ke7 36. h4 Kf6 37. g4 h5 38. g5+ Ke7 39. Ke4 Kd7 40. b3
Kc8 41. Kd4 Kb7 42. c4 Kb6 43. b4 Kb7 44. c5 Ka7 45. Kc3 Kb7 46. Kb3 Ka7 47. a4
Kb7 48. axb5 axb5 49. Kc3 Ka6 50. Kd4 Kb7 51. cxd6 cxd6 1/2-1/2

[Event "Russian Championship G13 1st league 2016"]
[Site "Loo"]
[Date "2016.04.21"]
[Round "2.18"]
[White "Abrarova, Rimma"]
[Black "Sharikova, Arina"]
[Result "0-1"]
[WhiteElo "1529"]
[BlackElo "1381"]
[PlyCount "120"]
[EventDate "2016.04.20"]

1. e4 c5 2. Nf3 e6 3. d4 cxd4 4. Nxd4 a6 5. Nc3 b5 6. Bd3 Bb7 7. O-O Qc7 8. Re1
d6 9. f4 b4 10. Nce2 Nf6 11. Ng3 Nbd7 12. Nh5 Nxh5 13. Qxh5 Qc5 14. Qxc5 Nxc5
15. Bd2 d5 16. exd5 Bxd5 17. Bf5 Rb8 18. Bh3 Ne4 19. Be3 Bc5 20. Rad1 O-O 21.
Nb3 Bxe3+ 22. Rxe3 Rfd8 23. Bg4 Rbc8 24. Rc1 h6 25. f5 Nf6 26. Be2 Rd6 27. fxe6
Bxe6 28. c3 Nd5 29. Rg3 Nf4 30. Bf1 Bxb3 31. axb3 a5 32. Ra1 Rc5 33. Re3 Rd2
34. Re8+ Kh7 35. Re7 Rxb2 36. cxb4 axb4 37. Rxf7 Ne2+ 38. Bxe2 Rxe2 39. Kf1 Rb2
40. Rf3 Rc3 41. Rf5 Rcxb3 42. Rb5 Rc3 43. Ke1 b3 44. Rd1 Rxg2 45. h4 b2 46. Rb4
Rh3 47. Rf4 Rh1+ 48. Rf1 Rxf1+ 49. Kxf1 Rc2 50. Ke1 Rc1 51. Rxc1 bxc1=Q+ 52.
Ke2 g5 53. h5 Kg7 54. Kd3 Kf6 55. Kd4 Qd2+ 56. Kc5 Ke5 57. Kc4 Qd4+ 58. Kb5 Kd5
59. Ka5 Kc6 60. Ka6 Qb6# 0-1

[Event "Russian Championship G13 1st league 2016"]
[Site "Loo"]
[Date "2016.04.21"]
[Round "2.19"]
[White "Kudrevatykh, Anastasia"]
[Black "Ershova, Margarita"]
[Result "0-1"]
[WhiteElo "1396"]
[BlackElo "1513"]
[PlyCount "76"]
[EventDate "2016.04.20"]

1. d4 d6 2. c4 e5 3. dxe5 dxe5 4. Qxd8+ Kxd8 5. e4 c6 6. Nf3 f6 7. Nc3 Be6 8.
Be3 Kc7 9. Be2 Nd7 10. a3 Bc5 11. b4 Bxe3 12. fxe3 Ne7 13. c5 a5 14. b5 Nxc5
15. a4 Rad8 16. O-O Bg4 17. Rab1 Bxf3 18. Rxf3 Rd2 19. Rg3 g5 20. b6+ Kb8 21.
h4 h6 22. Rf3 Rf8 23. hxg5 hxg5 24. Rd1 Rxd1+ 25. Nxd1 Nxa4 26. Rh3 Nxb6 27.
Rh7 Nec8 28. Nc3 Nd6 29. g4 a4 30. Rh2 Kc7 31. Bd1 a3 32. Ra2 Nbc4 33. Kf2 Rh8
34. Kg3 b5 35. Bb3 b4 36. Na4 Nxe4+ 37. Kf3 Ned2+ 38. Ke2 Nxb3 0-1

[Event "Russian Championship G13 1st league 2016"]
[Site "Loo"]
[Date "2016.04.21"]
[Round "2.20"]
[White "Pavlosiuk, Vlada"]
[Black "Kokueva, Alisa"]
[Result "0-1"]
[WhiteElo "1318"]
[BlackElo "1512"]
[PlyCount "112"]
[EventDate "2016.04.20"]

1. e4 e5 2. Nf3 Nc6 3. Nc3 Nf6 4. Bb5 Bb4 5. O-O d6 6. Nd5 Bc5 7. b4 Bb6 8. d3
h6 9. Be3 O-O 10. c3 Be6 11. Nxf6+ Qxf6 12. Bxc6 bxc6 13. Kh1 Rfe8 14. h3 d5
15. Qc2 Bxh3 16. gxh3 Qxf3+ 17. Kh2 Bxe3 18. fxe3 Qxe3 19. Rae1 Qb6 20. Qd2 Re6
21. Rg1 Rf6 22. Re2 Kh7 23. Reg2 Rg8 24. Qe2 Rg6 25. Rxg6 fxg6 26. Qg4 Qf2+ 27.
Kh1 Qf7 28. a4 Rd8 29. h4 dxe4 30. Qxe4 Qd5 31. Qxd5 cxd5 32. Re1 Re8 33. Kg2
h5 34. a5 a6 35. d4 e4 36. Rf1 e3 37. Kf3 Rf8+ 38. Ke2 Rxf1 39. Kxf1 c6 40. Ke2
Kh6 41. Kxe3 g5 42. hxg5+ Kxg5 43. Kf3 Kf5 44. Kg3 g5 45. Kh3 g4+ 46. Kg2 h4
47. Kf2 Kf4 48. Kg2 g3 49. Kf1 Kf3 50. Kg1 h3 51. Kf1 h2 52. Ke1 h1=Q+ 53. Kd2
g2 54. Kc2 g1=Q 55. Kb3 Qb1+ 56. Ka4 Qa2# 0-1

[Event "Russian Championship G13 1st league 2016"]
[Site "Loo"]
[Date "2016.04.21"]
[Round "2.21"]
[White "Starostina, Alexandra"]
[Black "Izbekova, Evdokia"]
[Result "1/2-1/2"]
[WhiteElo "1345"]
[BlackElo "1509"]
[PlyCount "82"]
[EventDate "2016.04.20"]

1. e4 c5 2. Nf3 d6 3. c3 Nf6 4. Bd3 a6 5. Bc2 Nc6 6. d4 cxd4 7. cxd4 Bg4 8. Be3
Qc7 9. Nc3 e6 10. h3 Bxf3 11. Qxf3 Be7 12. O-O O-O 13. Rab1 Rad8 14. Qg3 Kh8
15. Rfd1 b5 16. a3 Rg8 17. Qh4 Nd5 18. Nxd5 exd5 19. Qf4 Bf6 20. exd5 Nxd4 21.
Bxd4 Bxd4 22. Qxd4 Qxc2 23. Qb6 Qa4 24. Qc7 Qf4 25. Qb6 Ra8 26. Rbc1 Qf6 27.
Rd2 Rge8 28. Rdc2 Qe5 29. Qb7 Kg8 30. Rc8 Raxc8 31. Rxc8 Kf8 32. Rxe8+ Kxe8 33.
Qc6+ Ke7 34. f3 Qe1+ 35. Kh2 Qe5+ 36. Kh1 Qe1+ 37. Kh2 Qe5+ 38. Kh1 Qe1+ 39.
Kh2 Qe5+ 40. Kh1 Qe1+ 41. Kh2 Qe5+ 1/2-1/2

[Event "Russian Championship G13 1st league 2016"]
[Site "Loo"]
[Date "2016.04.21"]
[Round "2.22"]
[White "Surkova, Ekaterina"]
[Black "Spiridonova, Maria"]
[Result "1/2-1/2"]
[WhiteElo "1482"]
[BlackElo "1275"]
[PlyCount "80"]
[EventDate "2016.04.20"]

1. e4 e5 2. Nf3 Nc6 3. Nc3 Nf6 4. d4 exd4 5. Nxd4 Bc5 6. Nxc6 bxc6 7. Bc4 O-O
8. O-O a5 9. Bg5 Re8 10. Re1 d6 11. h3 Ba6 12. Bxa6 Rxa6 13. Qd3 Ra8 14. Rad1
Rb8 15. b3 Bb4 16. Qf3 Re6 17. e5 Qe8 18. Bxf6 gxf6 19. Ne4 fxe5 20. Nf6+ Rxf6
21. Qxf6 Bxe1 22. Rxe1 Qe6 23. Qg5+ Kf8 24. Qe3 Ra8 25. Qe4 h6 26. Qxc6 Ra7 27.
Qb5 Qc8 28. Qd3 Qe6 29. Qb5 Qc8 30. Qc6 Qe6 31. Qe4 Qg6 32. Qc4 Qf5 33. Qc3 Qe6
34. Qf3 Qg6 35. Qc3 Qe6 36. Qf3 Qg6 37. Qc3 Qe6 38. Qf3 Qg6 39. Qc3 Qe6 40. Qf3
Qg6 1/2-1/2

[Event "Russian Championship G13 1st league 2016"]
[Site "Loo"]
[Date "2016.04.21"]
[Round "2.23"]
[White "Makarenko, Elizaveta"]
[Black "Vorobieva, Varvara"]
[Result "0-1"]
[WhiteElo "1226"]
[BlackElo "1480"]
[PlyCount "54"]
[EventDate "2016.04.20"]

1. e4 e5 2. Nf3 Nc6 3. d4 exd4 4. Bc4 Nf6 5. O-O Nxe4 6. Re1 d5 7. Bxd5 Qxd5 8.
Nc3 Qa5 9. Nxe4 Be6 10. Bf4 O-O-O 11. Qe2 h6 12. a3 Qf5 13. Bg3 Bd5 14. Qd3
Bxe4 15. Rxe4 a6 16. Rd1 Bc5 17. Rde1 f6 18. b4 Bb6 19. h3 Rhf8 20. Nd2 Rf7 21.
Nb3 Rfd7 22. Qe2 d3 23. cxd3 Rxd3 24. Nc5 Bxc5 25. bxc5 Qxc5 26. Re8 Rxg3 27.
Rxd8+ Nxd8 0-1

[Event "Russian Championship G13 1st league 2016"]
[Site "Loo"]
[Date "2016.04.21"]
[Round "2.24"]
[White "Belova, Ksenia"]
[Black "Lashkova, Ekaterina"]
[Result "1/2-1/2"]
[WhiteElo "1474"]
[BlackElo "1302"]
[PlyCount "118"]
[EventDate "2016.04.20"]

1. e4 Nf6 2. Nc3 d5 3. exd5 Nxd5 4. Nxd5 Qxd5 5. Nf3 Bg4 6. Be2 Nc6 7. O-O
O-O-O 8. h3 Bh5 9. d3 f6 10. Be3 e5 11. a4 Bc5 12. Bxc5 Qxc5 13. Nd2 Bxe2 14.
Qxe2 Qxc2 15. Qg4+ Rd7 16. Nc4 Nd4 17. Rfd1 Qe2 18. Qxe2 Nxe2+ 19. Kf1 Nf4 20.
Ra3 Rhd8 21. a5 Rxd3 22. Raxd3 Rxd3 23. Rxd3 Nxd3 24. Ke2 Nc1+ 25. Ke3 b5 26.
axb6 axb6 27. Ke4 Kd7 28. Ne3 Nb3 29. Nf5 Nc5+ 30. Ke3 Ne6 31. Ke4 Ng5+ 32. Ke3
g6 33. Nh6 f5 34. h4 Ne6 35. g4 Nd4 36. g5 Nc2+ 37. Ke2 Ke6 38. Ng8 Nd4+ 39.
Ke3 f4+ 40. Ke4 Nf5 41. Nf6 Nxh4 42. Nxh7 c5 43. Nf8+ Kd6 44. Nh7 Nf5 45. Nf6
Ne7 46. Ne8+ Ke6 47. Nf6 c4 48. Ng4 Nc6 49. Nf6 b5 50. Ne8 b4 51. Nc7+ Ke7 52.
Nd5+ Kd6 53. f3 b3 54. Nc3 Nb4 55. Nb5+ Kc6 56. Nc3 Nd3 57. Nd1 Kd6 58. Nc3
Nxb2 59. Nd1 Nxd1 1/2-1/2

[Event "Russian Championship G13 1st league 2016"]
[Site "Loo"]
[Date "2016.04.21"]
[Round "2.25"]
[White "Volkova, Alina"]
[Black "Tokmakova, Ulyana"]
[Result "1/2-1/2"]
[WhiteElo "1469"]
[BlackElo "1175"]
[PlyCount "130"]
[EventDate "2016.04.20"]

1. d4 d5 2. c4 e6 3. Nc3 Bb4 4. Qb3 Nc6 5. Nf3 Nge7 6. a3 Bxc3+ 7. Qxc3 Nf5 8.
e3 Nd6 9. cxd5 Ne4 10. Qb3 Qxd5 11. Qxd5 exd5 12. Bd2 f5 13. Rc1 Bd7 14. Bb5
Rc8 15. Rc2 Nd8 16. Bxd7+ Kxd7 17. Ne5+ Ke8 18. Ba5 c6 19. Nd3 Ne6 20. Ke2 g6
21. Rhc1 Kf7 22. Bb4 Kg7 23. Bc5 a6 24. Bb4 Rhe8 25. Kf1 g5 26. h3 h5 27. g3
Kh7 28. Ne5 f4 29. gxf4 gxf4 30. Kg2 Rg8+ 31. Kh2 Rg7 32. Rg1 Rcg8 33. Rxg7+
Rxg7 34. Nd3 N6g5 35. Rc1 Nf3+ 36. Kh1 fxe3 37. fxe3 Ng3+ 38. Kg2 Nh4+ 39. Kh2
Nf3+ 40. Kg2 Nxd4 41. exd4 Ne2+ 42. Kf2 Nxc1 43. Nxc1 b6 44. Nd3 a5 45. Bc3 Rc7
46. Nf4 h4 47. Kf3 Rg7 48. Kf2 Kg8 49. Ng2 Rg3 50. Nxh4 Rxh3 51. Nf5 Rh7 52.
Ke3 Kf8 53. Nd6 Rd7 54. Nf5 Ra7 55. Kd3 c5 56. Ne3 c4+ 57. Nxc4 dxc4+ 58. Kxc4
Rh7 59. Kb5 Rh6 60. d5 Ke7 61. Bd4 Kd6 62. Bxb6 Rh2 63. Bd4 Rh5 64. Bc3 Rxd5+
65. Kb6 a4 1/2-1/2

[Event "Russian Championship G13 1st league 2016"]
[Site "Loo"]
[Date "2016.04.21"]
[Round "2.26"]
[White "Senkovskaya, Irina"]
[Black "Artiukhova, Elizaveta"]
[Result "0-1"]
[WhiteElo "1293"]
[BlackElo "1443"]
[PlyCount "112"]
[EventDate "2016.04.20"]

1. e4 c5 2. Nf3 Nf6 3. d4 cxd4 4. Nxd4 a6 5. Nc3 Nc6 6. f3 e6 7. Be3 Bb4 8. Qd2
d5 9. a3 Qa5 10. Nb3 Bxc3 11. Nxa5 Bxd2+ 12. Bxd2 Nxa5 13. Bxa5 dxe4 14. fxe4
Nxe4 15. Bd3 Nf6 16. Bc3 O-O 17. Bxf6 gxf6 18. O-O f5 19. Rf3 Kh8 20. Raf1 Rg8
21. Rh3 Rg7 22. Rd1 b5 23. Bf1 Bb7 24. Rhd3 Bd5 25. Rc3 Rag8 26. Rd2 f4 27. Rh3
f3 28. g3 f5 29. Rd4 Rg4 30. Rh4 Rxh4 31. Rxh4 Rg4 32. Rxg4 fxg4 33. Bd3 Kg7
34. Kf2 h5 35. b3 e5 36. c4 bxc4 37. bxc4 Bb7 38. Bc2 Bc6 39. Bd3 a5 40. Bc2 e4
41. Ke3 Kf6 42. Bb3 Ke5 43. Bc2 Kd6 44. Bb3 Kc5 45. Ba2 Ba4 46. Kf2 Bc2 47. Ke3
Bd3 48. Bb3 Bxc4 49. Bc2 Bd5 50. Ba4 Bf7 51. Bc2 Bg6 52. Bb3 Kb5 53. a4+ Kb4
54. Bd1 Kc3 55. Kf2 Kd2 56. Bb3 e3+ 0-1

[Event "Russian Championship G13 1st league 2016"]
[Site "Loo"]
[Date "2016.04.21"]
[Round "2.27"]
[White "Tarielashvili, Diana"]
[Black "Baneva, Darina"]
[Result "1/2-1/2"]
[WhiteElo "1441"]
[BlackElo "1255"]
[PlyCount "84"]
[EventDate "2016.04.20"]

1. e4 e6 2. d4 d5 3. exd5 exd5 4. Nf3 Bg4 5. Bd3 Nc6 6. c3 Nf6 7. O-O Be7 8.
Bg5 O-O 9. Nbd2 h6 10. Bxf6 Bxf6 11. Qc2 Re8 12. h3 Bxf3 13. Nxf3 a6 14. Rfe1
Qd7 15. Bf5 Qd6 16. Qd2 Na5 17. Bd3 b5 18. Qc2 Nc4 19. Bxc4 bxc4 20. Qa4 Reb8
21. Qc2 c5 22. dxc5 Qxc5 23. Ne5 Qb5 24. Rab1 Re8 25. Nf3 Rab8 26. Rxe8+ Rxe8
27. Re1 Rxe1+ 28. Nxe1 d4 29. cxd4 Bxd4 30. b3 cxb3 31. Qxb3 Qxb3 32. axb3 a5
33. Kf1 f6 34. f3 Kf7 35. Ke2 Ke6 36. Kd3 Kd5 37. Nc2 Bc5 38. Ne3+ Bxe3 39.
Kxe3 Kc5 40. Kd3 Kb4 41. Kc2 Ka3 42. Kc3 f5 1/2-1/2

[Event "Russian Championship G13 1st league 2016"]
[Site "Loo"]
[Date "2016.04.21"]
[Round "2.28"]
[White "Sidorova, Alyona"]
[Black "Mikhailina, Elena"]
[Result "1/2-1/2"]
[WhiteElo "1375"]
[BlackElo "1529"]
[PlyCount "91"]
[EventDate "2016.04.20"]

1. d4 d5 2. c4 e6 3. Nc3 Nf6 4. Nf3 c5 5. Bg5 dxc4 6. e3 Nc6 7. Bxc4 cxd4 8.
exd4 Be7 9. O-O O-O 10. Qd2 h6 11. Bh4 Qc7 12. Bg3 Qd8 13. a3 Nh5 14. Rad1 Nxg3
15. fxg3 Bf6 16. Ne4 Be7 17. Qc3 Qb6 18. Kh1 Rd8 19. d5 exd5 20. Bxd5 Bd7 21.
Ne5 Nxe5 22. Qxe5 Be6 23. Bxe6 Qxe6 24. Qf4 Rac8 25. Rde1 Qg6 26. Nc3 Bg5 27.
Qf3 Rd7 28. Rd1 Rcd8 29. h3 Bf6 30. Rxd7 Rxd7 31. Qe3 Re7 32. Qf3 Be5 33. Re1
f6 34. Nd5 Rd7 35. Nf4 Qf7 36. Nd3 Bd6 37. Qe3 Re7 38. Qf2 Rxe1+ 39. Qxe1 Qe7
40. Qf2 b6 41. Nf4 Bc5 42. Qd2 Qd6 43. Qe1 Qe5 44. Qd1 Qxb2 45. Qd5+ Kh7 46.
Qf5+ 1/2-1/2

[Event "Russian Championship G13 1st league 2016"]
[Site "Loo"]
[Date "2016.04.21"]
[Round "2.29"]
[White "Oreshkina, Natalia"]
[Black "Frolova, Lada"]
[Result "1/2-1/2"]
[WhiteElo "1513"]
[BlackElo "1378"]
[PlyCount "118"]
[EventDate "2016.04.20"]

1. e4 c5 2. Nf3 Nc6 3. d4 cxd4 4. Nxd4 g6 5. c4 Bg7 6. Be3 Nf6 7. Nc3 Ng4 8.
Qxg4 Nxd4 9. Qd1 Ne6 10. Rc1 O-O 11. Bd3 d6 12. O-O b6 13. b3 Bb7 14. f3 Re8
15. Be2 Nc7 16. Qd2 e6 17. Bf4 Be5 18. Bxe5 dxe5 19. Qxd8 Rexd8 20. Rfd1 Rd4
21. Rd3 Rad8 22. Rcd1 Rxd3 23. Rxd3 Rxd3 24. Bxd3 Kf8 25. Kf2 Ke7 26. b4 Na6
27. a3 Nc7 28. Ke3 Ne8 29. Na4 Kd6 30. Bc2 Ba6 31. Bd3 Bb7 32. Nc3 Kd7 33. Bc2
Nd6 34. Kd3 a6 35. b5 h5 36. Ba4 a5 37. Bb3 f5 38. Bc2 g5 39. Bd1 h4 40. h3 Kc7
41. Be2 Nf7 42. Ke3 Nh6 43. Na4 Nf7 44. c5 bxc5 45. Nxc5 Bc8 46. Bc4 f4+ 47.
Kd3 Kb6 48. Nxe6 Bxe6 49. Bxe6 Nd6 50. a4 Nb7 51. Bb3 Nd6 52. Bd5 Kc5 53. Kc3
Kb6 54. Kd3 Kc5 55. Kc2 Kb6 56. Kb3 Kc5 57. Kc3 Kb6 58. Bc4 Kc5 59. Bd5 Kb6
1/2-1/2

[Event "Russian Championship G13 1st league 2016"]
[Site "Loo"]
[Date "2016.04.21"]
[Round "2.30"]
[White "Kombar, Mariya"]
[Black "Bronnikova, Ekaterina"]
[Result "1-0"]
[WhiteElo "1497"]
[BlackElo "1360"]
[PlyCount "107"]
[EventDate "2016.04.20"]

1. e4 c5 2. Nf3 e6 3. d4 cxd4 4. Nxd4 a6 5. Nc3 Qc7 6. a3 Nf6 7. Be3 Be7 8. Be2
b6 9. O-O Bb7 10. f3 O-O 11. Qd2 Nc6 12. Rad1 Rac8 13. Nb3 Ne5 14. Qe1 Nc4 15.
Bxc4 Qxc4 16. Bxb6 Bxa3 17. bxa3 Qxc3 18. Qxc3 Rxc3 19. Nc5 Bc8 20. Rd2 Rxa3
21. Nb3 Ra4 22. g4 h6 23. Bc5 Re8 24. Bd6 Rc4 25. Ra1 Rc6 26. Kf1 Kh7 27. Ke2
Kg6 28. h4 Rg8 29. Bc5 Ne8 30. Ra5 Nc7 31. Nd4 Nb5 32. Nxc6 dxc6 33. c4 Nc7 34.
Bb6 Na8 35. Rd8 Rxd8 36. Bxd8 Bb7 37. Ra1 f6 38. Rb1 Bc8 39. Rb8 Bd7 40. Rxa8
Kf7 41. Rxa6 Ke8 42. Bb6 Ke7 43. Bc5+ Kd8 44. Bd6 Bc8 45. Rxc6 Bd7 46. Rb6 e5
47. c5 Bc8 48. c6 Be6 49. c7+ Kc8 50. Rb8+ Kd7 51. c8=Q+ Kxd6 52. Rb6+ Ke7 53.
Qxe6+ Kf8 54. Rb8# 1-0

[Event "Russian Championship G13 1st league 2016"]
[Site "Loo"]
[Date "2016.04.21"]
[Round "2.31"]
[White "Butko, Anna"]
[Black "Arefieva, Olga"]
[Result "0-1"]
[WhiteElo "1313"]
[BlackElo "1492"]
[PlyCount "138"]
[EventDate "2016.04.20"]

1. e4 c5 2. Nf3 d6 3. Nc3 Nf6 4. d3 g6 5. Be2 Bg7 6. O-O Nc6 7. Be3 O-O 8. d4
cxd4 9. Nxd4 Ne5 10. h3 Bd7 11. Bb5 Bxb5 12. Ndxb5 a6 13. Nd4 Nc4 14. Qc1 Nxe3
15. Qxe3 Qb6 16. Rab1 Nxe4 17. Qxe4 Bxd4 18. Nd5 Qc5 19. Nxe7+ Kg7 20. Qxb7
Qxc2 21. Qb4 Qc5 22. Qxc5 dxc5 23. Nc6 Rfc8 24. Nxd4 cxd4 25. Rfd1 Rd8 26. Rbc1
Rab8 27. Rc6 Rxb2 28. Rxa6 d3 29. a4 d2 30. Kf1 Kh6 31. Ke2 Kg5 32. Ke3 Kf5 33.
Ra5+ Kf6 34. Ra7 Ra2 35. a5 h5 36. g3 Rd5 37. h4 Rdxa5 38. Rxa5 Rxa5 39. Rxd2
Kf5 40. Rd4 Ra3+ 41. Ke2 Ke5 42. Rf4 f6 43. Rf3 Rxf3 44. Kxf3 Kf5 45. Kg2 g5
46. Kh3 Ke4 47. hxg5 fxg5 48. g4 h4 49. Kg2 Kf4 50. f3 Ke3 51. f4 Kxf4 52. Kh3
Kf3 53. Kh2 Kxg4 54. Kg2 h3+ 55. Kh2 Kh4 56. Kh1 g4 57. Kh2 g3+ 58. Kh1 Kg4 59.
Kg1 Kf3 60. Kh1 g2+ 61. Kg1 Ke2 62. Kh2 Kf1 63. Kg3 g1=Q+ 64. Kxh3 Kf2 65. Kh4
Kf3 66. Kh5 Kf4 67. Kh6 Kf5 68. Kh7 Kf6 69. Kh8 Qg7# 0-1

[Event "Russian Championship G13 1st league 2016"]
[Site "Loo"]
[Date "2016.04.21"]
[Round "2.32"]
[White "Pripisnova, Aleksandra"]
[Black "Ivanova, Anastasia"]
[Result "0-1"]
[WhiteElo "1263"]
[BlackElo "1460"]
[PlyCount "100"]
[EventDate "2016.04.20"]

1. e4 c5 2. Nf3 d6 3. Bb5+ Bd7 4. Bxd7+ Qxd7 5. O-O Nf6 6. d3 Nc6 7. c3 g6 8.
Nbd2 Bg7 9. d4 cxd4 10. cxd4 O-O 11. d5 Ne5 12. Nxe5 dxe5 13. f3 Rac8 14. Qb3
Qc7 15. Qe3 Qc5 16. Nb3 Qxe3+ 17. Bxe3 b6 18. Rfc1 Nh5 19. g3 f5 20. a4 f4 21.
gxf4 Nxf4 22. Kf1 Nd3 23. Rxc8 Rxc8 24. Ra2 Rc2 25. a5 Rxh2 26. Bxb6 a6 27. Nc5
Nb4 28. Ra3 Rxb2 29. Rb3 Rxb3 30. Nxb3 Kf7 31. Ke2 Bh6 32. Bc5 Na2 33. Kd3 Nc1+
34. Kc4 Nxb3 35. Kxb3 Bd2 36. Bb6 h5 37. Ka4 h4 38. Bg1 h3 39. Bh2 Bf4 40. Bg1
h2 41. Bxh2 Bxh2 42. Kb4 Bg1 43. Kc4 Kf6 44. d6 exd6 45. Kd5 Bc5 46. Kc6 Kg5
47. Kd5 Kf4 48. Ke6 g5 49. Kf6 Kxf3 50. Kxg5 Kxe4 0-1

[Event "Russian Championship G13 1st league 2016"]
[Site "Loo"]
[Date "2016.04.21"]
[Round "2.33"]
[White "Sych, Alina"]
[Black "Bychenok, Kseniya"]
[Result "1-0"]
[WhiteElo "1442"]
[BlackElo "1334"]
[PlyCount "101"]
[EventDate "2016.04.20"]

1. e4 e5 2. Nf3 Nc6 3. Bb5 d6 4. d4 Bd7 5. d5 Nb8 6. Bxd7+ Nxd7 7. c4 Ngf6 8.
Nc3 g6 9. O-O Bg7 10. b4 b6 11. Bg5 a5 12. a3 O-O 13. Qd2 Qe7 14. Nb5 Qd8 15.
Rae1 Qb8 16. Bh6 Qb7 17. Bxg7 Kxg7 18. Nh4 Rg8 19. f4 axb4 20. axb4 exf4 21.
Qxf4 Rae8 22. g4 Re7 23. Qg5 Re5 24. Qf4 Re7 25. g5 Ne8 26. Nd4 Ne5 27. Rd1 Kh8
28. Nhf3 Nxf3+ 29. Rxf3 Qc8 30. Nc6 Rd7 31. Rdf1 Rf8 32. Qg4 Kg7 33. e5 Rd8 34.
e6 f6 35. Nxd8 Qxd8 36. gxf6+ Rxf6 37. Rxf6 Nxf6 38. Qe2 Qe7 39. Qf2 Qd8 40. c5
bxc5 41. bxc5 Qe7 42. cxd6 cxd6 43. Qb6 Kh6 44. Qe3+ Kg7 45. Qd4 Qd8 46. Qa7+
Kh6 47. e7 Qh8 48. Qe3+ Kg7 49. Rxf6 Kxf6 50. Qc3+ Kxe7 51. Qxh8 1-0